Statistics for Lande ved Billede #4

Click here to take the quiz!

General Stats

  • This quiz has been taken 46 times
  • The average score is 4 of 15

Answer Stats

Answer% Correct
Grækenland
95%
Nordkorea
87%
Italien
74%
Nepal
64%
Myanmar
18%
Portugal
15%
Sudan
15%
Mexico
13%
Monaco
13%
Belgien
10%
Mali
10%
Marokko
10%
China
5%
Pakistan
5%
Sri Lanka
5%

Score Distribution

Percentile by Number Answered

Percent of People with Each Score

Your Score History

You have not taken this quiz